000 01341nam a2200241Ia 4500
003 Ost
005 20260507075210.0
008 260507s9999||||xx |||||||||||||| ||und||
020 _a16452499539
040 _cfsecg
041 _aara
082 _a330
100 _aاسماعيل، محمد سعيد أحمد
_eمؤلف
245 0 _aأساليب الحماية القانونية لمعاملات التجارة الالكترونية :
_bدراسة مقارنة /
_c محمد سعيد أحمد اسماعيل
260 _aبيروت:
_bمنشورات الحلبي الحقوقية,
_c2009
300 _a568 صفحة؛
_c24 سم
504 _aمراجع ص.531
520 _aأساسيات التجارة الالكترونية و دور المؤسسات الدولية و الاقليمية في تنظيمها وكذا التشريعات الوطنية المنظمة لها مع التطرق الى تبادل رسائل البيانات الالكترونية والتوثيق والتوقيع الالكتروني وأنظمة الدفع الالكترونية مع تبيان أوجه الحماية القانونية في نطاق التجارة الالكترونية
653 _aالتجارة
653 _aالتجارة الالكترونية
653 _aالحماية القانونية
942 _cكتاب
999 _c43461
_d43461